ნორმალური ფორმატი
MARC ფორმატი
ჩანაწერი Personal Name
ჩანაწერთა რაოდენობა, რომელიც გამოყენებულია: 3
001 - CONTROL NUMBER
- control field: 1820
003 - CONTROL NUMBER IDENTIFIER
- control field: GE_BSU
005 - DATE AND TIME OF LATEST TRANSACTION
- control field: 20190529210127.0
008 - FIXED-LENGTH DATA ELEMENTS
- fixed length control field: 190529|| aca||aabn | a|a d
040 ## - CATALOGING SOURCE
- Original cataloging agency: GE_BSU
- Transcribing agency: GE_BSU
100 ## - HEADING--PERSONAL NAME
- Personal name: გოთოშია, მ.
670 ## - SOURCE DATA FOUND
- Source citation: Work cat.: (GE_BSU)39581: გოთოშია, მ., ალგორითმიზაციის საფუძვლები და ალგორითმული ენა ფორტრანი :
